000 00597nam a2200241 a 4500
001 nice12345678
003 IN_TiNIC
005 20260116012534.0
008 050524s1975 dela grp 000 0 eng
020 _a
_c45
082 0 0 _a306.0899145
_bJAI
100 _aJai, S P
245 _aSocial Structure of Hindu-Muslim Community.
260 _aDelhi
_bNational Publishing House
_c1975
300 _a194p
500 _aincludes index and biblioraphy
505 2 _aBibliography, Index.
650 _aCaste-India
700 1 _aJai, S P
902 _bSRS
942 _cBK
999 _c7402
_d7402